| 000 | 00663nam a22001937a 4500 | ||
|---|---|---|---|
| 005 | 20251108164033.0 | ||
| 008 | 250721s1993 xx 000 0 ara d | ||
| 082 | 1 | 4 | _a321.8973/بور |
| 100 | 1 | _aبورستن، دانيل جي | |
| 245 | 1 | 0 |
_aالأمريكيون : التجربة الديمقراطية : _bالتجربة الديمقراطية / |
| 264 | 1 |
_aعمان : _bمركز الكتب الأردني، _c1993. |
|
| 300 | _a821ص. | ||
| 650 | 1 | 7 | _aالديمقراطية |
| 650 | 1 | 7 | _aالتاريخ الأميركي |
| 650 | 1 | 7 | _aالولايات المتحدة |
| 700 | 1 |
_aمنصور، فاروق _eترجمة |
|
| 942 |
_2ddc _cBK |
||
| 999 |
_c2017 _d2017 |
||